01098nam a2200277 a 450000100060000000300080000600500170001400800410003102000320007203500190010404000270012304100080015008200270015811000480018524501770023326000410041030000290045149000290048050400290050965000380053865000380057683000380061494200120065299900170066495201390068172182BD-RjUL20211209082224.0170514s1976 au a b i100 0 eng  a9200411762 :c$19.00 (U.S.) a(BD-RjUL)72398 aDLCcDLCdBD-RjULbeng aeng00a622.3493223bINU 1976 aInternational Atomic Energy Agency.915355910aUranium ore processing :bproceedings of an advisory group meeting /corganized by the International Atomic Energy Agency and held in Washington, D.C., 24-26 November 1975. aVienna :bfor sale by UNIPUB,c1976. a238 p. :bill. ;c24 cm.1 aPanel proceedings series aIncludes bibliographies. 0aOre-dressingxCongresses.9213461 0aUranium oresxCongresses.9213462 0aPanel proceedings series.9213464 2ddccBK c72182d72182 00102ddc40718NFICaRUCLbRUCLcReadingd1977-11-03eIndia Int. Call0o622.3493 INU 1976r2017-05-14 00:00:00tC-1w2017-05-14yBK